| 000 | 00396nam a2200169Ia 4500 | ||
|---|---|---|---|
| 008 | 090123s9999 xx 000 0 und d | ||
| 082 | _b19239 | ||
| 100 | _aFRITJOF CAPRA | ||
| 245 | _aTHE TURNING POINT | ||
| 250 | _a0 | ||
| 260 | _bFANTANA PAPERBACKS | ||
| 600 | _aFRITJOF CAPRA | ||
| 630 | _aTHE TURNING POINT | ||
| 700 | _aFRITJOF CAPRA | ||
| 730 | _aTHE TURNING POINT | ||
| 942 | _cBOOK | ||
| 999 |
_c57305 _d57305 |
||